Statistics for countries that united states visits most

Click here to take the quiz!

General Stats

  • This quiz has been taken 27 times
  • The average score is 8 of 10

Answer Stats

Answer% Correct
France
100%
Italy
100%
Spain
100%
United Kingdom
100%
Germany
96%
China
93%
India
63%
Bahamas
44%
Jamaica
41%
Dominican Republic
26%

Score Distribution

Percentile by Number Answered

Percent of People with Each Score

Your Score History

You have not taken this quiz